| 000 | 00702nam a22001817a 4500 | ||
|---|---|---|---|
| 005 | 20230208212027.0 | ||
| 008 | 230208b |||||||| |||| 00| 0 sp d | ||
| 040 |
_acunsuroc _besp _ccunsuroc ana |
||
| 082 | _a001.42 M816:3 | ||
| 100 |
_aMonzón García, Samuel Alfredo _93102 |
||
| 245 |
_aIntroducción al proceso de la investigación científica: _cSamuel Alfredo Monzón García _hFísico |
||
| 250 | _a3a. | ||
| 260 |
_aGuatemala: _bOscar de León Palacios, _c2001 |
||
| 300 |
_a232p.; _bColección fundamentos _c21cm. |
||
| 365 |
_b1 _d75.00 _jgt |
||
| 650 |
_2Investigación Científica _aDiseño de la Investitgación _93214 |
||
| 942 |
_2ddc _cBK _h001.42 M816:3 _n0 |
||
| 999 |
_c1102 _d1102 |
||